| 000 | 02138nam a2200301 a 4500 | ||
|---|---|---|---|
| 001 | 000020771 | ||
| 005 | 20240409073639.0 | ||
| 008 | 100817s1999 dr 000 0 spa d | ||
| 020 | _a9945160508 | ||
| 040 |
_aDO-SdBNP _bspa _cBNPHU |
||
| 082 |
_a972.93054 _bC343o |
||
| 100 | 1 |
_aCassá, Roberto, _d1948- _910888 |
|
| 245 | 1 | 0 | _aLos orígenes del Movimiento 14 de Junio. |
| 260 |
_aSanto Domingo : _bUniversitaria - UASD, _c1999. |
||
| 300 |
_a446 p. ; _c23 cm. |
||
| 490 | 1 |
_aPublicaciones de la Universidad Autónoma de Santo Domingo _v1415 _aHistoria y sociedad _v93 |
|
| 490 | 1 |
_aPublicaciones de la Comisión Permanente de Efemérides Patrias 2004-2007 _v22 |
|
| 505 | 1 |
_tIntroducción -- _tGeneralidades de la izquierda dominicana -- _tLa juventud democrática y otros núcleos clandestinos en los años cincuenta -- _tSurgimiento del Movimiento 14 de Junio -- _tLa distribución territorial en el Cibao -- _tEl proceso en la Banda Sur -- _tLa culminación del Movimiento -- _tHacia la caída del trujillato -- _tLa llegada del Movimiento Popular Dominicano -- _tAnexo I. Lista de miembros de la Juventud Democrática Clandestina -- _tAnexo II. Miembros del Movimiento Revolucionario 14 de Junio que entregaron declaraciones escritas a la justicia -- _tAnexo III. Agrupaciones de los miembros del 1J4 que aparecen en el anexo II, según diversas variables -- _tApéndice. Política y sujeto político -- _tBibliografía y fuentes: _tObras generales ; _tDocumentación ; _tObras temáticas ; _tPublicaciones periódicas ; _tEntrevistas y comuniciones orales. _tPublicaciones de la Comisión Permanente de Efemérides Patrias 2004-2007 |
|
| 590 | _aInventariado, 2018/MFF | ||
| 610 | 2 | 4 |
_aMOVIMIENTO REVOLUCIONARIO 14 DE JUNIO (REPÚBLICA DOMINICANA) _91373 |
| 650 | 4 |
_aActividades clandestinas _91375 |
|
| 650 | 4 |
_aMovimientos revolucionarios _91376 |
|
| 700 | 1 |
_aOrtiz, Dantes _9123 |
|
| 700 | 1 |
_aFigueroa, Rosa _91451 |
|
| 710 | 1 |
_aUniversidad Autónoma de Santo Domingo _972951 |
|
| 830 | 0 |
_aPublicaciones de la Universidad Autónoma de Santo Domingo; _n1415 _pHistoria y sociedad _n93 _943536 |
|
| 910 | _aValidado. Control de calidad MMOLINA | ||
| 999 |
_c20275 _d20275 |
||